Twilight / (Record no. 23897)

MARC details
000 -LEADER
fixed length control field 03254nam a22004211 4500
005 - DATE AND TIME OF LATEST TRANSACTION
control field 20050808122104.0
008 - FIXED-LENGTH DATA ELEMENTS--GENERAL INFORMATION
fixed length control field 721219s1962 nyu 000 0 eng
010 ## - LCCN (DPL NO)
LC control number B-341294-305
020 ## - INTERNATIONAL STANDARD BOOK NUMBER
International Standard Book Number 9781905654406
Terms of availability 299.00
020 ## - INTERNATIONAL STANDARD BOOK NUMBER
International Standard Book Number 9781905654406
Terms of availability 299.00
035 ## - SYSTEM CONTROL NUMBER
System control number B-341294-305
035 ## - SYSTEM CONTROL NUMBER
System control number B-368627
037 ## - SOURCE OF ACQUISITION
Source of stock number/acquisition Super Books
037 ## - SOURCE OF ACQUISITION
Source of stock number/acquisition Pansy Books
040 ## - CATALOGING SOURCE
Original cataloging agency dpl
Language of cataloging English
082 ## - DEWEY DECIMAL CLASSIFICATION NUMBER
Classification number N
100 ## - MAIN ENTRY--PERSONAL NAME
Personal name Meyer, Stephenie
245 ## - TITLE STATEMENT
Title Twilight /
Statement of responsibility, etc by Stephenie Meyer
260 ## - PUBLICATION, DISTRIBUTION, ETC. (IMPRINT)
Place of publication, distribution, etc London
Name of publisher, distributor, etc Atom
Date of publication, distribution, etc 2008
270 ## - ADDRESS
Address 100 Victoria Embankment
City London
Postal code EC4Y ODY
300 ## - PHYSICAL DESCRIPTION
Extent 434p
Dimensions 18cm (pbk)
942 ## - ADDED ENTRY ELEMENTS (KOHA)
Source of classification or shelving scheme Dewey Decimal Classification
Item type English Books
Classification part N
Call number suffix MEY
Holdings
Withdrawn status Lost status Source of classification or shelving scheme Damaged status Not for loan Collection code Home library Current library Date acquired Source of acquisition Cost, normal purchase price Total Checkouts Full call number Barcode Date last seen Copy number Cost, replacement price Koha item type Public note Total Renewals
    Dewey Decimal Classification     Fiction Bawana Bawana 10/11/2009 Super Books/49624/12.6.09/68/5.6.09/17.6.09 299.00   N MEY B-341304 10/11/2009 1 299.00 English Books    
    Dewey Decimal Classification     Fiction Central Library Central Library 16/02/2009 Super Books/49624/12.6.09/68/5.6.09/17.6.09 299.00   N MEY B-341294 16/02/2009 1 299.00 English Books    
    Dewey Decimal Classification     Fiction Janak Puri Janak Puri 10/11/2009 Super Books/49624/12.6.09/68/5.6.09/17.6.09 299.00 28 N MEY B-341299 04/12/2021 1 299.00 English Books   2
Written off   Dewey Decimal Classification     Fiction Karol Bagh Karol Bagh 10/11/2009 Super Books/49624/12.6.09/68/5.6.09/17.6.09 299.00   N MEY B-341302 10/11/2009 1 299.00 English Books Written off on approval by DLB (By Circulation); dtd 15-06-2023  
  Written-off vide DLB M. No. 383 dt 16.05.19 Dewey Decimal Classification     Fiction Kasturba Gandhi Marg Kasturba Gandhi Marg 10/11/2009 Super Books/49624/12.6.09/68/5.6.09/17.6.09 299.00   N MEY B-341296 10/11/2009 1 299.00 English Books    
    Dewey Decimal Classification     Fiction Narela Narela 10/11/2009 Super Books/49624/12.6.09/68/5.6.09/17.6.09 299.00   N MEY B-341303 10/11/2009 1 299.00 English Books    
  Written-off vide DLB M. No. 383 dt 16.05.19 Dewey Decimal Classification     Fiction Patel Nagar Patel Nagar 10/11/2009 Super Books/49624/12.6.09/68/5.6.09/17.6.09 299.00   N MEY B-341295 10/11/2009 1 299.00 English Books    
  Written-off vide DLB M. No. 383 dt 16.05.19 Dewey Decimal Classification     Fiction Patel Nagar Patel Nagar 07/05/2010 Pansy Books/970/27.1.10/3095/22.1.10/28.1.10 350.00   N MEY B-368627 07/05/2010 1 350.00 English Books    
Written off Written-off vide DLB M. No. 388 dt 23.02.22 Dewey Decimal Classification     Fiction Peshwa Road Peshwa Road 10/11/2009 Super Books/49624/12.6.09/68/5.6.09/17.6.09 299.00   N MEY B-341297 10/11/2009 1 299.00 English Books W/d list no-3283/24 dt.18/2/20  
  Written-off vide DLB M. No. 383 dt 16.05.19 Dewey Decimal Classification     Fiction Sarojini Nagar Sarojini Nagar 10/11/2009 Super Books/49624/12.6.09/68/5.6.09/17.6.09 299.00   N MEY B-341300 10/11/2009 1 299.00 English Books Withdrawn List Prepared List No. 85/20  
  Written-off vide DLB M. No. 383 dt 16.05.19 Dewey Decimal Classification     Fiction Shahdara Branch Shahdara Branch 10/11/2009 Super Books/49624/12.6.09/68/5.6.09/17.6.09 299.00   N MEY B-341305 10/11/2009 1 299.00 English Books    
Written off   Dewey Decimal Classification     Fiction Tri Nagar Tri Nagar 10/11/2009 Super Books/49624/12.6.09/68/5.6.09/17.6.09 299.00   N MEY B-341298 10/11/2009 1 299.00 English Books    
  Written-off vide DLB M. No. 383 dt 16.05.19 Dewey Decimal Classification     Fiction Vinoba Puri Vinoba Puri 10/11/2009 Super Books/49624/12.6.09/68/5.6.09/17.6.09 299.00 9 N MEY B-341301 10/11/2010 1 299.00 English Books   9

© Delhi Public Library
Hit Counter
free hit counter